Ένα χαμένο προφίλ
Αποθηκεύτηκε σε:
| Κύριος συγγραφέας: | |
|---|---|
| Μορφή: | Βιβλίο |
| Γλώσσα: | Greek French |
| Δημοσίευση: |
Αθήνα :
Σ. Ι. Ζαχαρόπουλος,
c1988.
|
| Σειρά: | Σύγχρονη λογοτεχνία (Ζαχαρόπουλος)
6 |
| Θέματα: | |
| Ετικέτες: |
Προσθήκη ετικέτας
Δεν υπάρχουν, Καταχωρήστε ετικέτα πρώτοι!
|
MARC
| LEADER | 00000cam a2200000 a 4500 | ||
|---|---|---|---|
| 001 | 1/124949 | ||
| 008 | 220530s1988####gr | ||| |||| ||gre|| | ||
| 040 | |a GR-MyUa |b gre |c GR-MyUa |e AACR2 | ||
| 041 | 1 | |a gre |h fre | |
| 082 | 7 | |a 843 |2 (23) | |
| 100 | 1 | |a Sagan, Francoise, |d 1935-2004. | |
| 245 | 1 | 5 | |a Ένα χαμένο προφίλ / |c Φρανσουάζ Σαγκάν ; μετάφραση: Γ.Ν. Δρόσος. |
| 260 | |a Αθήνα : |b Σ. Ι. Ζαχαρόπουλος, |c c1988. | ||
| 300 | |a 159 σ. ; |c 18 εκ. | ||
| 490 | 1 | |a (Σύγχρονη λογοτεχνία / Ζαχαρόπουλος ; |v 6) | |
| 500 | |a Τίτλος πρωτοτύπου: Un profil perdu. | ||
| 650 | 0 | |a French fiction | |
| 830 | 0 | |a Σύγχρονη λογοτεχνία (Ζαχαρόπουλος) |v 6 | |
| 970 | |a Κοντού |b Παρασκευή |z 30/05/2022 | ||